000 00862nam a22002777a 4500
001 4922
003 FISKH
005 20241025101103.0
008 241025b cb ||||| |||| 00| 0 eng d
020 _a9781570916120
040 _aFISKH
_beng
_cFISKH
_dFISKH
050 _aQL950.C65
082 _a591.479
100 _aCollard, Sneed B.
245 _aWings /
_cby Sneed B. Collard : illustrated by Robin Brickman
260 _aPrague :
_bCharlesbridge ;
_c2008 .
300 _a31 pages :
_bcolor illustrations ;
_c29 cm .
505 _aZ
520 _aDiscusses the many animals and insects that have wings, the various types of wings, and how they are used.
521 8 _a930
_bLexile NC
521 8 _aZ
_bRaz-Plus
650 _awings
_vNon-fiction
700 _aBrickman, Robin
_eillustrator
942 _2ddc
_cBK
_n0
999 _c4922
_d4922